Μέτρηση αποδοτικότητας ακαδημαϊκών τμημάτων : η περίπτωση του Πανεπιστημίου Αιγαίου : [διπλωματική εργασία]

Αποθηκεύτηκε σε:
Λεπτομέρειες βιβλιογραφικής εγγραφής
Κύριος συγγραφέας: Παπαδοπούλου, Άννα-Μαρία
Συγγραφή απο Οργανισμό/Αρχή: Πανεπιστήμιο Αιγαίου Σχολή Επιστημών της Διοίκησης Τμήμα Διοίκησης Επιχειρήσεων Πρόγραμμα Μεταπτυχιακών Σπουδών στη Διοίκηση Επιχειρήσεων - M.B.A
Άλλοι συγγραφείς: Γάκη, Ελένη Λ. (Εισηγητής διατριβής)
Μορφή: Thesis Βιβλίο
Γλώσσα:Greek
Δημοσίευση: 2012
Θέματα:
Διαθέσιμο Online:http://hdl.handle.net/11610/13585
Ετικέτες: Προσθήκη ετικέτας
Δεν υπάρχουν, Καταχωρήστε ετικέτα πρώτοι!

MARC

LEADER 00000cam a2200000 i 4500
001 1/56950
008 130627s2012 gre d
035 |l 10000077 
040 |a GR-MY-UA  |b gre  |e aacr 
041 0 |a gre 
082 0 |a 378.499  |2 (22) 
100 1 |a Παπαδοπούλου, Άννα-Μαρία. 
245 1 0 |a Μέτρηση αποδοτικότητας ακαδημαϊκών τμημάτων :  |b η περίπτωση του Πανεπιστημίου Αιγαίου : [διπλωματική εργασία] /  |c Άννα Μαρία Παπαδοπούλου ; επιβλέπουσα καθηγήτρια: Ελένη Γάκη 
260 |c 2012 
300 |a 1τ. ;  |c 30 εκ. 
502 # # |a Διατριβή (μεταπτυχιακή) – Πανεπιστήμιο Αιγαίου, Χίος, 2012. 
504 |a Περιέχει βιβλιογραφία 
650 0 0 |a Education, Higher  |z Greece  |x Evaluation. 
700 1 |4 ths  |a Γάκη, Ελένη Λ. 
710 1 |a Πανεπιστήμιο Αιγαίου  |b Σχολή Επιστημών της Διοίκησης  |b Τμήμα Διοίκησης Επιχειρήσεων  |b Πρόγραμμα Μεταπτυχιακών Σπουδών στη Διοίκηση Επιχειρήσεων - M.B.A. 
852 |a INST  |b CHIOS  |c DIATR  |e 20130627  |h 378.499 ΠΑΠ  |p 005200035161  |q 005200035161  |t MTXE  |y 23 
852 |a INST  |b CHIOS  |c DIATR  |e 20130627  |h 378.499 ΠΑΠ  |p 005200035162  |q 005200035162  |t MTXE  |y 23 
856 |u http://hdl.handle.net/11610/13585 
901 |a BIBL2-2012-2 
909 |a Χ  |b 175774 
909 |a Χ  |b 175775 
924 |a ΠΑΠΑΔΟΠΟΥΛΟΥ  |b ΑΝΝΑ-ΜΑΡΙΑ  |y ΧΙΟΣ  |z 2012-09 
970 |a ΣΠΕΝΤΖΑ  |b ΕΛΕΝΗ  |z 2012/06/27